|
|
|
|
| LEADER |
00606nam a22001697a 4500 |
| 003 |
OSt |
| 999 |
|
|
|c 192231
|d 192231
|
| 020 |
|
|
|a 0821327909
|
| 082 |
|
|
|a UMP
|
| 100 |
|
|
|a Leitmann, Josef
|
| 245 |
|
|
|a Rapid urban environmental assessment: lessons from cities in the developing world V.1 Methodology and preliminary findings
|
| 260 |
|
|
|a Washington, D C
|b Urban Management Programme
|
| 300 |
|
|
|a 78p.
|
| 500 |
|
|
|a Urban management and the environment 14
|
| 546 |
|
|
|a English
|
| 942 |
|
|
|2 ddc
|c REP
|
| 952 |
|
|
|0 0
|1 0
|2 ddc
|4 0
|6 UMP
|7 1
|8 REF
|9 198777
|a KAUCLV
|b KAUCLV
|c REPORTS
|d 2019-08-22
|o UMP
|p 145975
|r 2019-08-22
|w 2019-08-22
|y REP
|